[Event "DEM U10 2025"]
[Site "Willingen GER"]
[Date "2025.06.08"]
[Round "1"]
[White "Üstüntas, Nadir"]
[Black "Sriram, Aumkar"]
[Result "1-0"]
[Termination "normal"]
[Board "25"]
[WhiteElo "1179"]
[BlackElo "1517"]
[WhiteClock "01:31:21"]
[BlackClock "00:40:35"]
[PlyCount "157"]
[WhiteFideId "533004064"]
[BlackFideId "33460477"]
[EventCountry "GER"]
[EventRounds "9"]
[EventType "swiss"]
[EventDate "2025.06.07"]

1. d4 {[%clk 01:30:58]} {[%emt 00:00:01]} d5 {[%clk 01:30:29]} {[%emt
00:00:31]} 2. c4 {[%clk 01:31:22]} {[%emt 00:00:07]} e6 {[%clk 01:30:53]}
{[%emt 00:00:07]} 3. Nf3 {[%clk 01:31:36]} {[%emt 00:00:16]} Nf6 {[%clk
01:30:55]} {[%emt 00:00:27]} 4. Bg5 {[%clk 01:31:59]} {[%emt 00:00:08]} Nbd7
{[%clk 01:30:55]} {[%emt 00:00:30]} 5. a3 {[%clk 01:32:16]} {[%emt 00:00:13]}
h6 {[%clk 01:31:13]} {[%emt 00:00:12]} 6. Bh4 {[%clk 01:32:33]} {[%emt
00:00:14]} dxc4 {[%clk 01:24:14]} {[%emt 00:07:29]} 7. e3 {[%clk 01:32:45]}
{[%emt 00:00:18]} g5 {[%clk 01:21:23]} {[%emt 00:03:21]} 8. Bg3 {[%clk
01:33:08]} {[%emt 00:00:07]} Bd6 {[%clk 01:21:25]} {[%emt 00:00:29]} 9. Bxc4
{[%clk 01:33:20]} {[%emt 00:00:17]} Bxg3 {[%clk 01:20:03]} {[%emt 00:01:51]}
10. hxg3 {[%clk 01:33:41]} {[%emt 00:00:08]} Nb6 {[%clk 01:18:09]} {[%emt
00:02:26]} 11. Bd3 {[%clk 01:33:25]} {[%emt 00:00:46]} Bd7 {[%clk 01:13:54]}
{[%emt 00:04:43]} 12. Nc3 {[%clk 01:33:45]} {[%emt 00:00:11]} Bc6 {[%clk
01:14:16]} {[%emt 00:00:09]} 13. e4 {[%clk 01:33:37]} {[%emt 00:00:38]} g4
{[%clk 01:08:32]} {[%emt 00:06:14]} 14. Ne5 {[%clk 01:30:59]} {[%emt 00:03:06]}
Qxd4 {[%clk 01:02:12]} {[%emt 00:06:51]} 15. Nxc6 {[%clk 01:31:08]} {[%emt
00:00:22]} bxc6 {[%clk 01:02:38]} {[%emt 00:00:04]} 16. Qc2 {[%clk 01:31:04]}
{[%emt 00:00:33]} Qd7 {[%clk 01:01:28]} {[%emt 00:01:39]} 17. O-O-O {[%clk
01:31:20]} {[%emt 00:00:15]} Qe7 {[%clk 01:01:20]} {[%emt 00:00:38]} 18. Na4
{[%clk 01:31:17]} {[%emt 00:00:33]} Nxa4 {[%clk 01:00:07]} {[%emt 00:01:43]}
19. Qxa4 {[%clk 01:31:36]} {[%emt 00:00:11]} Qc5+ {[%clk 01:00:15]} {[%emt
00:00:22]} 20. Kb1 {[%clk 01:31:55]} {[%emt 00:00:11]} Rb8 {[%clk 00:58:12]}
{[%emt 00:02:34]} 21. Rd2 {[%clk 01:30:24]} {[%emt 00:02:01]} Qb6 {[%clk
00:52:55]} {[%emt 00:05:47]} 22. Rc1 {[%clk 01:30:33]} {[%emt 00:00:21]} Nd7
{[%clk 00:49:38]} {[%emt 00:03:47]} 23. Rxc6 {[%clk 01:30:38]} {[%emt
00:00:25]} Qb3 {[%clk 00:47:51]} {[%emt 00:02:18]} 24. Qd4 {[%clk 01:28:27]}
{[%emt 00:02:39]} e5 {[%clk 00:46:39]} {[%emt 00:01:43]} 25. Qxa7 {[%clk
01:27:38]} {[%emt 00:01:19]} Qb7 {[%clk 00:45:37]} {[%emt 00:01:33]} 26. Rxc7
{[%clk 01:27:28]} {[%emt 00:00:40]} Qxa7 {[%clk 00:44:12]} {[%emt 00:01:55]}
27. Rxa7 {[%clk 01:27:43]} {[%emt 00:00:14]} Nc5 {[%clk 00:44:29]} {[%emt
00:00:14]} 28. Bb5+ {[%clk 01:26:15]} {[%emt 00:01:58]} Kf8 {[%clk 00:42:07]}
{[%emt 00:02:51]} 29. Bc6 {[%clk 01:25:57]} {[%emt 00:00:48]} Kg7 {[%clk
00:41:30]} {[%emt 00:01:07]} 30. Bd5 {[%clk 01:25:50]} {[%emt 00:00:38]} Rhf8
{[%clk 00:41:06]} {[%emt 00:00:53]} 31. f4 {[%clk 01:25:50]} {[%emt 00:00:30]}
gxf3 {[%clk 00:40:36]} {[%emt 00:01:01]} 32. gxf3 {[%clk 01:26:07]} {[%emt
00:00:12]} Nb3 {[%clk 00:40:52]} {[%emt 00:00:13]} 33. Rd3 {[%clk 01:25:28]}
{[%emt 00:01:09]} Nd4 {[%clk 00:40:58]} {[%emt 00:00:24]} 34. f4 {[%emt
00:01:13]} Nb5 {[%clk 00:40:35]} {[%emt 00:00:02]} 35. Rb7 {[%clk 01:25:35]}
{[%emt 00:00:32]} exf4 {[%clk 00:39:07]} {[%emt 00:01:58]} 36. gxf4 {[%clk
01:25:41]} {[%emt 00:00:24]} Nd6 {[%clk 00:39:09]} {[%emt 00:00:27]} 37. Rd7
{[%clk 01:25:50]} {[%emt 00:00:22]} Nc8 {[%clk 00:39:03]} {[%emt 00:00:36]} 38.
Rg3+ {[%clk 01:26:08]} {[%emt 00:00:12]} Kh7 {[%clk 00:38:37]} {[%emt
00:00:57]} 39. Bxf7 {[%clk 01:26:13]} {[%emt 00:00:26]} Kh8 {[%clk 00:36:29]}
{[%emt 00:02:38]} 40. f5 {[%clk 01:25:57]} {[%emt 00:00:45]} Nb6 {[%clk
00:36:32]} {[%emt 00:00:28]} 41. Rc7 {[%clk 01:25:36]} {[%emt 00:00:50]} Na4
{[%clk 00:36:16]} {[%emt 00:00:45]} 42. Rg2 {[%clk 01:25:17]} {[%emt 00:00:50]}
Nc3+ {[%clk 00:35:34]} {[%emt 00:01:12]} 43. Rxc3 {[%clk 01:24:22]} {[%emt
00:01:24]} Rxf7 {[%clk 00:36:04]} 44. Rg6 {[%clk 01:23:49]} {[%emt 00:01:03]}
Rfb7 {[%clk 00:36:01]} {[%emt 00:00:34]} 45. Rc2 {[%clk 01:24:11]} {[%emt
00:00:09]} Rb6 {[%clk 00:36:00]} {[%emt 00:00:32]} 46. Rxb6 {[%clk 01:23:33]}
{[%emt 00:01:07]} Rxb6 {[%clk 00:36:29]} 47. e5 {[%clk 01:23:46]} {[%emt
00:00:17]} Rb5 {[%clk 00:36:08]} {[%emt 00:00:51]} 48. Re2 {[%clk 01:23:38]}
{[%emt 00:00:37]} Rb8 {[%clk 00:35:32]} {[%emt 00:01:06]} 49. e6 {[%clk
01:24:01]} {[%emt 00:00:07]} Kg7 {[%clk 00:35:38]} {[%emt 00:00:23]} 50. Kc1
{[%emt 00:00:20]} Kf6 {[%clk 00:35:53]} {[%emt 00:00:13]} 51. e7 {[%clk
01:24:39]} {[%emt 00:00:05]} Kf7 {[%clk 00:36:10]} {[%emt 00:00:12]} 52. Re6
{[%clk 01:24:25]} {[%emt 00:00:45]} h5 {[%clk 00:36:11]} {[%emt 00:00:28]} 53.
Kd1 {[%clk 01:24:52]} {[%emt 00:00:03]} h4 {[%clk 00:35:41]} {[%emt 00:01:00]}
54. Ke1 {[%clk 01:25:15]} {[%emt 00:00:06]} h3 {[%clk 00:35:29]} {[%emt
00:00:42]} 55. Kf1 {[%clk 01:25:29]} {[%emt 00:00:16]} Rg8 {[%clk 00:35:33]}
{[%emt 00:00:26]} 56. e8=Q+ {[%emt 00:00:23]} Rxe8 {[%emt 00:00:08]} 57. Kg1
{[%clk 01:24:32]} Rxe6 {[%clk 00:35:49]} {[%emt 00:03:56]} 58. fxe6+ {[%clk
01:25:13]} {[%emt 00:00:10]} Kxe6 {[%clk 00:36:19]} {[%emt 00:00:01]} 59. Kh2
{[%clk 01:24:52]} {[%emt 00:00:50]} Kd5 {[%clk 00:36:39]} {[%emt 00:00:09]} 60.
b4 {[%clk 01:25:11]} {[%emt 00:00:11]} Kc4 {[%clk 00:36:54]} {[%emt 00:00:15]}
61. Kxh3 {[%clk 01:25:28]} {[%emt 00:00:13]} Kb5 {[%clk 00:35:40]} {[%emt
00:01:34]} 62. Kg4 {[%clk 01:25:55]} {[%emt 00:00:14]} Kb6 {[%clk 00:35:58]}
{[%emt 00:00:12]} 63. a4 {[%clk 01:26:11]} {[%emt 00:00:14]} Ka6 {[%clk
00:36:17]} {[%emt 00:00:11]} 64. Kf5 {[%clk 01:26:30]} {[%emt 00:00:11]} Ka7
{[%clk 00:36:42]} {[%emt 00:00:05]} 65. b5 {[%clk 01:26:56]} {[%emt 00:00:03]}
Ka8 {[%clk 00:37:03]} {[%emt 00:00:09]} 66. a5 {[%clk 01:27:14]} {[%emt
00:00:12]} Kb7 {[%clk 00:37:09]} {[%emt 00:00:24]} 67. Ke6 {[%clk 01:27:33]}
{[%emt 00:00:11]} Ka7 {[%clk 00:37:25]} {[%emt 00:00:14]} 68. Kd7 {[%clk
01:27:42]} {[%emt 00:00:21]} Kb7 {[%clk 00:37:23]} {[%emt 00:00:33]} 69. a6+
{[%clk 01:28:04]} {[%emt 00:00:08]} Ka7 {[%clk 00:37:32]} {[%emt 00:00:21]} 70.
Kc7 {[%clk 01:28:09]} {[%emt 00:00:25]} Ka8 {[%clk 00:37:47]} {[%emt 00:00:15]}
71. a7 {[%clk 01:28:30]} {[%emt 00:00:08]} Kxa7 {[%clk 00:38:00]} {[%emt
00:00:17]} 72. b6+ {[%clk 01:28:54]} {[%emt 00:00:07]} Ka6 {[%clk 00:38:17]}
{[%emt 00:00:13]} 73. b7 {[%clk 01:29:16]} {[%emt 00:00:07]} Ka5 {[%clk
00:38:42]} {[%emt 00:00:04]} 74. b8=Q {[%clk 01:29:34]} {[%emt 00:00:12]} Ka4
{[%clk 00:39:09]} {[%emt 00:00:03]} 75. Kc6 {[%clk 01:29:51]} {[%emt 00:00:13]}
Ka3 {[%clk 00:39:33]} {[%emt 00:00:06]} 76. Kc5 {[%clk 01:30:16]} {[%emt
00:00:06]} Ka2 {[%clk 00:39:58]} {[%emt 00:00:05]} 77. Kc4 {[%clk 01:30:41]}
{[%emt 00:00:06]} Ka1 {[%clk 00:40:11]} {[%emt 00:00:16]} 78. Kc3 {[%clk
01:31:04]} {[%emt 00:00:06]} Ka2 {[%clk 00:40:35]} {[%emt 00:00:06]} 79. Qb2#
{[%clk 01:31:21]} {[%emt 00:00:13]} 1-0

[Event "DEM U10 2025"]
[Site "Willingen GER"]
[Date "2025.06.08"]
[Round "1"]
[White "Brucker, Oscar"]
[Black "Frerich, Theo"]
[Result "0-1"]
[Termination "normal"]
[Board "26"]
[WhiteElo "1795"]
[BlackElo "1167"]
[WhiteClock "01:26:25"]
[BlackClock "01:20:09"]
[PlyCount "124"]
[WhiteFideId "533026432"]
[BlackFideId "533003505"]
[EventCountry "GER"]
[EventRounds "9"]
[EventType "swiss"]
[EventDate "2025.06.07"]

1. d4 {[%clk 01:30:57]} {[%emt 00:00:03]} d5 {[%clk 01:30:51]} {[%emt
00:00:09]} 2. Bf4 {[%clk 01:31:22]} {[%emt 00:00:05]} Bf5 {[%clk 01:31:05]}
{[%emt 00:00:16]} 3. Nf3 {[%clk 01:31:44]} {[%emt 00:00:08]} Nf6 {[%clk
01:31:26]} {[%emt 00:00:09]} 4. e3 {[%clk 01:31:59]} {[%emt 00:00:15]} e6
{[%clk 01:31:43]} {[%emt 00:00:13]} 5. c4 {[%clk 01:32:25]} {[%emt 00:00:04]}
c6 {[%clk 01:31:51]} {[%emt 00:00:22]} 6. Nbd2 {[%clk 01:32:12]} {[%emt
00:00:44]} Bb4 {[%clk 01:31:19]} {[%emt 00:01:02]} 7. a3 {[%clk 01:31:27]}
{[%emt 00:01:15]} Bd6 {[%clk 01:31:02]} {[%emt 00:00:43]} 8. Bg3 {[%clk
01:31:22]} {[%emt 00:00:38]} O-O {[%clk 01:30:21]} {[%emt 00:01:10]} 9. Bxd6
{[%clk 01:31:26]} {[%emt 00:00:26]} Qxd6 {[%clk 01:30:11]} {[%emt 00:00:40]}
10. Be2 {[%clk 01:31:19]} {[%emt 00:00:37]} b6 {[%clk 01:30:12]} {[%emt
00:00:29]} 11. Rc1 {[%clk 01:31:04]} {[%emt 00:00:45]} Nbd7 {[%clk 01:30:11]}
{[%emt 00:00:30]} 12. b4 {[%clk 01:30:48]} {[%emt 00:00:47]} c5 {[%clk
01:29:59]} {[%emt 00:00:42]} 13. cxd5 {[%clk 01:29:46]} {[%emt 00:01:32]} exd5
{[%clk 01:29:19]} {[%emt 00:01:10]} 14. dxc5 {[%clk 01:28:54]} {[%emt
00:01:22]} bxc5 {[%clk 01:29:27]} {[%emt 00:00:22]} 15. bxc5 {[%clk 01:24:59]}
{[%emt 00:04:25]} Nxc5 {[%clk 01:29:25]} {[%emt 00:00:32]} 16. Nc4 {[%clk
01:24:11]} {[%emt 00:01:19]} Qe6 {[%clk 01:26:08]} {[%emt 00:03:47]} 17. Nd4
{[%emt 00:01:26]} Qe4 {[%clk 01:25:31]} {[%emt 00:01:02]} 18. Nxf5 {[%clk
01:21:55]} {[%emt 00:01:55]} Qxf5 {[%clk 01:25:09]} {[%emt 00:00:46]} 19. Nd6
{[%emt 00:01:24]} Qe6 {[%clk 01:23:41]} {[%emt 00:01:55]} 20. Nxf7 {[%clk
01:20:19]} {[%emt 00:01:21]} Qxf7 {[%clk 01:24:01]} {[%emt 00:00:09]} 21. Rxc5
{[%emt 00:02:00]} Ne4 {[%clk 01:24:12]} {[%emt 00:00:14]} 22. Qxd5 {[%clk
01:19:01]} {[%emt 00:00:25]} Nxc5 {[%clk 01:22:47]} {[%emt 00:01:54]} 23. Qxf7+
{[%clk 01:18:39]} {[%emt 00:00:52]} Rxf7 {[%clk 01:23:06]} {[%emt 00:00:12]}
24. Bc4 {[%clk 01:18:46]} {[%emt 00:00:23]} Rb8 {[%clk 01:22:35]} {[%emt
00:01:01]} 25. Bxf7+ {[%clk 01:18:38]} {[%emt 00:00:37]} Kxf7 {[%clk 01:22:52]}
{[%emt 00:00:13]} 26. O-O {[%clk 01:19:04]} {[%emt 00:00:05]} Ne4 {[%clk
01:22:33]} {[%emt 00:00:49]} 27. f3 {[%clk 01:19:05]} {[%emt 00:00:29]} Nd2
{[%clk 01:22:47]} {[%emt 00:00:17]} 28. Rd1 {[%clk 01:19:02]} {[%emt 00:00:33]}
Rb1 {[%clk 01:22:31]} {[%emt 00:00:47]} 29. Rxb1 {[%clk 01:19:08]} {[%emt
00:00:23]} Nxb1 {[%clk 01:22:50]} {[%emt 00:00:11]} 30. a4 {[%clk 01:19:35]}
{[%emt 00:00:03]} Ke6 {[%clk 01:23:01]} {[%emt 00:00:18]} 31. Kf1 {[%clk
01:19:59]} {[%emt 00:00:06]} Nc3 {[%clk 01:22:53]} {[%emt 00:00:39]} 32. a5
{[%clk 01:20:24]} {[%emt 00:00:04]} Kd5 {[%clk 01:22:43]} {[%emt 00:00:40]} 33.
Ke1 {[%clk 01:20:49]} {[%emt 00:00:06]} Kc5 {[%clk 01:22:20]} {[%emt 00:00:54]}
34. Kd2 {[%clk 01:21:17]} {[%emt 00:00:01]} Nd5 {[%clk 01:22:28]} {[%emt
00:00:22]} 35. Kd3 {[%clk 01:21:41]} {[%emt 00:00:04]} Nf6 {[%clk 01:22:35]}
{[%emt 00:00:23]} 36. Kc3 {[%clk 01:22:06]} Nd5+ {[%emt 00:00:28]} 37. Kd3
{[%emt 00:00:01]} Nf6 {[%emt 00:00:05]} 38. Kc3 {[%clk 01:22:34]} {[%emt
00:00:24]} g6 {[%emt 00:00:39]} 39. e4 {[%clk 01:22:52]} {[%emt 00:00:11]} Nd7
{[%clk 01:22:25]} {[%emt 00:00:32]} 40. f4 {[%clk 01:23:18]} {[%emt 00:00:04]}
Nb8 {[%clk 01:22:28]} {[%emt 00:00:27]} 41. f5 {[%clk 01:23:40]} {[%emt
00:00:10]} gxf5 {[%clk 01:21:09]} {[%emt 00:01:48]} 42. exf5 {[%clk 01:24:03]}
{[%emt 00:00:07]} Kd5 {[%clk 01:21:15]} {[%emt 00:00:24]} 43. Kb4 {[%clk
01:24:24]} {[%emt 00:00:09]} a6 {[%clk 01:21:28]} {[%emt 00:00:17]} 44. g4
{[%clk 01:24:37]} {[%emt 00:00:16]} Nc6+ {[%clk 01:21:40]} {[%emt 00:00:18]}
45. Ka4 {[%clk 01:24:03]} {[%emt 00:01:04]} Ke5 {[%clk 01:20:35]} {[%emt
00:01:36]} 46. h3 {[%clk 01:24:10]} {[%emt 00:00:23]} Kf6 {[%clk 01:20:16]}
{[%emt 00:00:48]} 47. h4 {[%clk 01:23:49]} {[%emt 00:00:51]} h6 {[%clk
01:19:33]} {[%emt 00:01:11]} 48. Ka3 {[%clk 01:22:51]} {[%emt 00:01:30]} Nxa5
{[%clk 01:19:43]} {[%emt 00:00:20]} 49. Kb4 {[%clk 01:23:13]} {[%emt 00:00:08]}
Nc6+ {[%clk 01:20:04]} {[%emt 00:00:09]} 50. Kc5 {[%clk 01:23:38]} {[%emt
00:00:05]} Nb8 {[%clk 01:20:13]} {[%emt 00:00:21]} 51. Kb6 {[%clk 01:23:53]}
{[%emt 00:00:15]} Ke5 {[%clk 01:19:41]} {[%emt 00:01:02]} 52. Ka5 {[%clk
01:24:15]} {[%emt 00:00:08]} Kf6 {[%clk 01:18:39]} {[%emt 00:01:32]} 53. Kb6
{[%clk 01:23:30]} {[%emt 00:01:15]} Nd7+ {[%clk 01:18:41]} {[%emt 00:00:29]}
54. Kxa6 {[%clk 01:23:39]} {[%emt 00:00:20]} Kg7 {[%clk 01:18:35]} {[%emt
00:00:36]} 55. g5 {[%clk 01:23:49]} {[%emt 00:00:20]} h5 {[%clk 01:18:49]}
{[%emt 00:00:15]} 56. Kb7 {[%clk 01:24:12]} {[%emt 00:00:07]} Ne5 {[%clk
01:18:58]} {[%emt 00:00:18]} 57. Kc7 {[%clk 01:24:39]} {[%emt 00:00:07]} Nf3
{[%clk 01:19:10]} {[%emt 00:00:17]} 58. Kd7 {[%clk 01:24:57]} {[%emt 00:00:13]}
Nxh4 {[%clk 01:19:29]} {[%emt 00:00:10]} 59. Ke7 {[%clk 01:25:22]} {[%emt
00:00:06]} Nxf5+ {[%clk 01:19:45]} {[%emt 00:00:13]} 60. Ke6 {[%clk 01:25:35]}
{[%emt 00:00:17]} h4 {[%clk 01:19:51]} {[%emt 00:00:25]} 61. Kxf5 {[%clk
01:26:01]} {[%emt 00:00:05]} h3 {[%clk 01:19:59]} {[%emt 00:00:20]} 62. g6
{[%clk 01:26:25]} {[%emt 00:00:07]} Kg8 {[%clk 01:20:09]} {[%emt 00:00:19]} 0-1

[Event "DEM U10 2025"]
[Site "Willingen GER"]
[Date "2025.06.08"]
[Round "1"]
[White "Möller, Julian"]
[Black "Khadem Aljamea, Adam"]
[Result "0-1"]
[Termination "normal"]
[Board "27"]
[WhiteElo "1161"]
[BlackElo "1472"]
[WhiteClock "00:09:23"]
[BlackClock "01:31:40"]
[PlyCount "140"]
[WhiteFideId "533022577"]
[BlackFideId "533012989"]
[EventCountry "GER"]
[EventRounds "9"]
[EventType "swiss"]
[EventDate "2025.06.07"]

1. e4 {[%clk 01:31:27]} {[%emt 00:00:04]} e5 {[%clk 01:31:25]} {[%emt
00:00:05]} 2. Nf3 {[%clk 01:31:48]} {[%emt 00:00:07]} Nc6 {[%clk 01:31:51]}
{[%emt 00:00:06]} 3. Bc4 {[%clk 01:32:05]} {[%emt 00:00:13]} Nf6 {[%clk
01:32:16]} {[%emt 00:00:05]} 4. Ng5 {[%clk 01:31:59]} {[%emt 00:00:34]} d5
{[%clk 01:32:36]} {[%emt 00:00:12]} 5. exd5 {[%clk 01:32:13]} {[%emt 00:00:15]}
Nd4 {[%clk 01:32:57]} {[%emt 00:00:09]} 6. c3 {[%clk 01:30:28]} {[%emt
00:02:15]} Nf5 {[%clk 01:33:20]} {[%emt 00:00:07]} 7. d3 {[%clk 01:23:47]}
{[%emt 00:07:10]} h6 {[%clk 01:32:46]} {[%emt 00:01:05]} 8. Nf3 {[%clk
01:23:31]} {[%emt 00:00:45]} Nxd5 {[%clk 01:32:55]} {[%emt 00:00:21]} 9. Nxe5
{[%clk 01:19:35]} {[%emt 00:04:26]} Be6 {[%clk 01:32:40]} {[%emt 00:00:46]} 10.
Bb5+ {[%clk 01:17:01]} {[%emt 00:03:03]} c6 {[%clk 01:32:55]} {[%emt 00:00:16]}
11. Nxc6 {[%clk 01:16:26]} {[%emt 00:01:04]} bxc6 {[%clk 01:31:58]} {[%emt
00:01:28]} 12. Bxc6+ {[%clk 01:16:49]} {[%emt 00:00:07]} Ke7 {[%emt 00:00:36]}
13. Bxa8 {[%clk 01:16:47]} {[%emt 00:00:18]} Qxa8 {[%clk 01:32:29]} {[%emt
00:00:07]} 14. Bf4 {[%clk 01:16:41]} {[%emt 00:00:35]} Nxf4 {[%clk 01:32:49]}
{[%emt 00:00:11]} 15. Kd2 {[%clk 01:09:38]} {[%emt 00:07:31]} Qxg2 {[%clk
01:32:49]} {[%emt 00:00:32]} 16. Qf1 {[%clk 01:08:20]} {[%emt 00:01:46]} Qxf1
{[%clk 01:32:50]} {[%emt 00:00:30]} 17. Rxf1 {[%clk 01:08:40]} {[%emt
00:00:10]} Kf6 {[%clk 01:33:06]} {[%emt 00:00:15]} 18. d4 {[%clk 01:08:34]}
{[%emt 00:00:35]} Bd6 {[%clk 01:32:54]} {[%emt 00:00:43]} 19. a4 {[%clk
01:05:11]} {[%emt 00:03:53]} a5 {[%clk 01:33:06]} {[%emt 00:00:18]} 20. Na3
{[%clk 01:04:56]} {[%emt 00:00:44]} Bxa3 {[%clk 01:33:14]} {[%emt 00:00:22]}
21. Rxa3 {[%clk 01:05:03]} {[%emt 00:00:23]} Rb8 {[%clk 01:33:25]} {[%emt
00:00:19]} 22. Kc2 {[%clk 01:03:50]} {[%emt 00:01:41]} Bc4 {[%clk 01:30:07]}
{[%emt 00:03:50]} 23. Rd1 {[%clk 00:56:45]} {[%emt 00:07:33]} Kg5 {[%clk
01:29:23]} {[%emt 00:01:16]} 24. b3 {[%clk 00:55:41]} {[%emt 00:01:34]} Bd5
{[%clk 01:29:12]} {[%emt 00:00:41]} 25. c4 {[%clk 00:50:33]} {[%emt 00:05:37]}
Be4+ {[%clk 01:29:23]} {[%emt 00:00:19]} 26. Kb2 {[%clk 00:49:13]} {[%emt
00:01:50]} Nd3+ {[%clk 01:29:09]} {[%emt 00:00:44]} 27. Kc3 {[%clk 00:47:14]}
{[%emt 00:02:27]} Nxf2 {[%clk 01:29:24]} {[%emt 00:00:17]} 28. Rf1 {[%clk
00:44:14]} {[%emt 00:03:28]} Ng4 {[%clk 01:29:23]} {[%emt 00:00:33]} 29. d5
{[%clk 00:43:29]} {[%emt 00:01:15]} Nxh2 {[%clk 01:29:32]} {[%emt 00:00:20]}
30. Rd1 {[%clk 00:42:21]} {[%emt 00:01:35]} h5 {[%clk 01:29:08]} {[%emt
00:00:57]} 31. c5 {[%clk 00:41:58]} {[%emt 00:00:53]} Ne3 {[%clk 01:29:08]}
{[%emt 00:00:31]} 32. Rg1+ {[%clk 00:41:34]} {[%emt 00:00:50]} Nhg4 {[%clk
01:29:27]} {[%emt 00:00:14]} 33. d6 {[%clk 00:41:26]} {[%emt 00:00:38]} h4
{[%clk 01:29:11]} {[%emt 00:00:47]} 34. Kd4 {[%clk 00:40:35]} {[%emt 00:01:19]}
Bc6 {[%clk 01:29:24]} {[%emt 00:00:20]} 35. Kc3 {[%clk 00:37:57]} {[%emt
00:03:05]} h3 {[%clk 01:29:38]} {[%emt 00:00:19]} 36. Ra2 {[%clk 00:37:35]}
{[%emt 00:00:49]} Rb4 {[%clk 01:29:06]} {[%emt 00:01:05]} 37. Rd2 {[%clk
00:36:51]} {[%emt 00:01:10]} Nd5+ {[%clk 01:28:55]} {[%emt 00:00:44]} 38. Kb2
{[%clk 00:35:57]} {[%emt 00:01:24]} Nde3 {[%clk 01:29:00]} {[%emt 00:00:25]}
39. d7 {[%clk 00:32:57]} {[%emt 00:03:30]} Bxd7 {[%clk 01:29:13]} {[%emt
00:00:18]} 40. Rxd7 {[%clk 00:33:10]} {[%emt 00:00:17]} h2 {[%clk 01:29:35]}
{[%emt 00:00:08]} 41. Rh1 {[%clk 00:32:23]} {[%emt 00:01:16]} Nc4+ {[%clk
01:29:41]} {[%emt 00:00:25]} 42. Kc3 {[%clk 00:31:18]} {[%emt 00:01:35]} Nce5
{[%clk 01:29:33]} {[%emt 00:00:39]} 43. Rd6 {[%clk 00:26:14]} {[%emt 00:05:33]}
Nf3 {[%clk 01:29:27]} {[%emt 00:00:36]} 44. c6 {[%clk 00:24:58]} {[%emt
00:01:46]} Nf2 {[%clk 01:29:40]} {[%emt 00:00:18]} 45. Rd5+ {[%clk 00:23:30]}
{[%emt 00:01:57]} Kf4 {[%clk 01:29:29]} {[%emt 00:00:42]} 46. c7 {[%clk
00:23:24]} {[%emt 00:00:35]} Nxh1 {[%clk 01:29:46]} {[%emt 00:00:12]} 47. c8=Q
{[%clk 00:23:34]} {[%emt 00:00:16]} Ng3 {[%clk 01:29:53]} {[%emt 00:00:27]} 48.
Qc7+ {[%clk 00:23:12]} {[%emt 00:00:52]} Ke3 {[%clk 01:29:39]} {[%emt
00:00:45]} 49. Rd1 {[%clk 00:18:12]} {[%emt 00:05:26]} h1=Q {[%emt 00:01:52]}
50. Rxh1 {[%clk 00:15:47]} {[%emt 00:02:43]} Nxh1 {[%clk 01:28:57]} {[%emt
00:00:05]} 51. Qxa5 {[%clk 00:14:32]} {[%emt 00:01:45]} Rd4 {[%clk 01:28:50]}
{[%emt 00:00:37]} 52. Qc5 {[%clk 00:13:45]} {[%emt 00:01:15]} Nf2 {[%clk
01:29:06]} {[%emt 00:00:17]} 53. Qe7 {[%clk 00:13:31]} {[%emt 00:00:42]} Ne4+
{[%clk 01:29:33]} {[%emt 00:00:05]} 54. Kb2 {[%clk 00:12:52]} {[%emt 00:01:07]}
g5 {[%clk 01:29:31]} {[%emt 00:00:34]} 55. a5 {[%clk 00:11:00]} {[%emt
00:02:22]} g4 {[%clk 01:29:34]} {[%emt 00:00:27]} 56. a6 {[%clk 00:10:44]}
{[%emt 00:00:46]} g3 {[%clk 01:30:01]} {[%emt 00:00:03]} 57. a7 {[%clk
00:11:05]} {[%emt 00:00:08]} g2 {[%clk 01:30:27]} {[%emt 00:00:05]} 58. a8=Q
{[%clk 00:11:09]} {[%emt 00:00:26]} g1=Q {[%clk 01:30:36]} {[%emt 00:00:20]}
59. Qa1 {[%clk 00:10:20]} {[%emt 00:01:18]} Rd2+ {[%clk 01:30:52]} {[%emt
00:00:15]} 60. Ka3 {[%clk 00:10:03]} {[%emt 00:00:47]} Qxa1+ {[%emt 00:00:11]}
61. Kb4 {[%clk 00:10:12]} {[%emt 00:00:19]} Qc3+ {[%clk 01:29:10]} {[%emt
00:02:34]} 62. Kb5 {[%clk 00:09:45]} {[%emt 00:00:54]} Rd5+ {[%clk 01:29:37]}
{[%emt 00:00:05]} 63. Kb6 {[%clk 00:09:33]} {[%emt 00:00:42]} Qxb3+ {[%clk
01:29:58]} {[%emt 00:00:09]} 64. Kc6 {[%clk 00:09:10]} {[%emt 00:00:52]} Nd4+
{[%clk 01:30:18]} {[%emt 00:00:10]} 65. Kc7 {[%clk 00:09:07]} {[%emt 00:00:33]}
Ne6+ {[%clk 01:30:33]} {[%emt 00:00:15]} 66. Kc8 {[%clk 00:09:13]} {[%emt
00:00:24]} Nd6+ {[%clk 01:30:46]} {[%emt 00:00:16]} 67. Qxd6 {[%clk 00:09:07]}
{[%emt 00:00:37]} Qc4+ {[%clk 01:30:49]} {[%emt 00:00:28]} 68. Kb7 {[%clk
00:08:52]} {[%emt 00:00:45]} Rxd6 {[%clk 01:31:05]} {[%emt 00:00:13]} 69. Ka8
{[%clk 00:09:04]} {[%emt 00:00:18]} Qa6+ {[%clk 01:31:18]} {[%emt 00:00:17]}
70. Kb8 {[%clk 00:09:23]} {[%emt 00:00:12]} Rd8# {[%clk 01:31:40]} {[%emt
00:00:08]} 0-1